Les Fernand ou les Ferdinand du plan de Paris - Statistiques

Statistiques générales
  • Ce quiz a été pris 10 fois
  • Le résultat moyen est 9 sur 18
Statistiques - réponses
Hint Extra Hint Explanation Réponse % Correct
Pelloutier 17e Syndicaliste Fernand
86%
Flocon 18e Homme politique Ferdinand
71%
Fabre 15e Ecrivain / Poète Ferdinand
57%
de Béhagle 12e Explorateur Ferdinand
57%
Duval 4e Haut-fonctionnaire Ferdinand
57%
Buisson 16e Homme politique Ferdinand
57%
Forest 15e Ingénieur Fernand
57%
Labori 18e Avocat Fernand
57%
Cormon 17e Artiste peintre Fernand
57%
Raynaud 20e Acteur / comédien Fernand
57%
Mourlot 14e Lithographe Fernand
57%
Gambon 20e Homme politique Ferdinand
43%
Brunot 14e Ecrivain / Poète Ferdinand
43%
Braudel 13e Historien Fernand
43%
Foureau 12e Haut-fonctionnaire Fernand
43%
Widal 13e Médecin Fernand
29%
Léger 20e Artiste peintre Fernand
29%
Holweck 14e Physicien Fernand
14%
Aucun quiz correspondant
Distribution des résultats
% des personnes avec chaque résultat
Percentile par nombre de réponses
Votre historique - résultats
Vous n’avez pas pris ce quiz